Aldo Moro - Statistics

Statistiche generali
  • Questo quiz è stato fatto 29 volte
  • Il punteggio medio è 4 su 8
Statistiche sulle risposte
Anni Carica ricoperta % Corretto
1946-1978 Deputato
75%
1969-1972 Ministro degli esteri
63%
1973-1974 Ministro degli esteri
63%
1963-1968 Presidente del consiglio dei ministri
56%
1974-1976 Presidente del consiglio dei ministri
56%
1955-1957 Ministro della giustizia
38%
1975-1975 Presidente del consiglio europeo
31%
1957-1959 Ministro della pubblica istruzione
25%
Nessun quiz corrispondente trovato
Distribuzione punteggi
Percentuale di utenti per punteggio
Percentile per numero di risposta
I tuoi punteggi nel tempo
Non hai fatto questo quiz